The noble scholar, jurist, historian


 His Excellency Dr. Abdul Wahhab bin Ibrahim Abu Sulaiman, may Allah have mercy on him.


 He was born in Umm Al-Qura in the year 1356 AH.

فهرس شرح المنهاج بحاشيتي الشهاب القليوبي وعميرة البرلسي في الفقه الشافعي : (Record no. 6859)

MARC details
000 -LEADER
fixed length control field 02115cam a2200301 i 4500
003 - CONTROL NUMBER IDENTIFIER
control field SA-RiAUC
005 - DATE AND TIME OF LATEST TRANSACTION
control field 20250410090754.0
008 - FIXED-LENGTH DATA ELEMENTS--GENERAL INFORMATION
fixed length control field 250409s1980 ku g i f000 0 ara c
040 ## - CATALOGING SOURCE
Original cataloging agency KW-ShULA
Language of cataloging ara
Transcribing agency SA-RiAUC
Description conventions rda
082 04 - DEWEY DECIMAL CLASSIFICATION NUMBER
Classification number 258.3
Assigning agency SA-RiAUC
090 ## - LOCALLY ASSIGNED LC-TYPE CALL NUMBER (OCLC); LOCAL CALL NUMBER (RLIN)
Classification number (OCLC) (R) ; Classification number, CALL (RLIN) (NR) 258.3
Local cutter number (OCLC) ; Book number/undivided call number, CALL (RLIN) و ز ا
110 1# - MAIN ENTRY--CORPORATE NAME
Corporate name or jurisdiction name as entry element الكويت.
Subordinate unit وزارة الأوقاف والشؤون الإسلامية
Relator term مؤلف.
245 10 - TITLE STATEMENT
Title فهرس شرح المنهاج بحاشيتي الشهاب القليوبي وعميرة البرلسي في الفقه الشافعي :
Remainder of title فهرس تحليلي ألفبائي لكتاب شرح المنهاج للجلال المحلى وحاشيته /
Statement of responsibility, etc. وزارة الأوقاف والشؤون الإسلامية.
264 #1 - PRODUCTION, PUBLICATION, DISTRIBUTION, MANUFACTURE, AND COPYRIGHT NOTICE
Place of production, publication, distribution, manufacture الكويت :
Name of producer, publisher, distributor, manufacturer وزارة الأوقاف والشؤون الإسلامية،
Date of production, publication, distribution, manufacture, or copyright notice 1980
300 ## - PHYSICAL DESCRIPTION
Extent 400 صفحة ؛
Dimensions 24 سم.
336 ## - CONTENT TYPE
Content type term نص
Content type code txt
Source rdacontent
Materials specified كتاب
337 ## - MEDIA TYPE
Media type term بدون وسيط
Media type code n
Source rdamedia
338 ## - CARRIER TYPE
Carrier type term مجلد
Carrier type code nc
Source rdacarrier
490 1# - SERIES STATEMENT
Series statement أعمال موسوعية مساعدة.
-- الفهارس والمعاجم الفقهية ؛
Volume/sequential designation 3
650 #7 - SUBJECT ADDED ENTRY--TOPICAL TERM
Topical term or geographic name entry element الفقه الشافعي
Form subdivision كشافات
Source of heading or term aucsh
700 12 - ADDED ENTRY--PERSONAL NAME
Relationship information كشاف لـ (عمل) :
Personal name جلال الدين المحلي، محمد بن أحمد بن محمد،
Dates associated with a name 791-864 هجري.
Title of a work كنز الراغبين شرح منهاج الطالبين
700 12 - ADDED ENTRY--PERSONAL NAME
Relationship information شرح لـ (عمل) :
Personal name النووي، يحيى بن شرف بن مري،
Dates associated with a name 631-676 هجري.
Title of a work منهاج الطالبين وعمدة المفتين
700 12 - ADDED ENTRY--PERSONAL NAME
Relationship information تعليق على (عمل) :
Personal name عميرة البرلسي، أحمد البرلسي،
Dates associated with a name توفي 957 هجري.
Title of a work حاشية عميرة على شرح منهاج الطالبين
700 12 - ADDED ENTRY--PERSONAL NAME
Relationship information تعليق على (عمل) :
Personal name القليوبي، أحمد بن أحمد بن سلامة،
Dates associated with a name توفي 1069 هجري.
Title of a work حاشية القليوبي على كنز الراغبين شرح منهاج الطالبين
830 #0 - SERIES ADDED ENTRY--UNIFORM TITLE
Uniform title أعمال موسوعية مساعدة.
Name of part/section of a work الفهارس والمعاجم الفقهية
Volume/sequential designation 1
942 ## - ADDED ENTRY ELEMENTS (KOHA)
Source of classification or shelving scheme Dewey Decimal Classification
Koha item type Books
Suppress in OPAC No
949 ## - LOCAL PROCESSING INFORMATION (OCLC)
a SA-JeALM
d 250409
u mohamedma123
n 1
Holdings
Withdrawn status Lost status Source of classification or shelving scheme Damaged status Not for loan Home library Current library Date acquired Total checkouts Full call number Barcode Date last seen Price effective from Koha item type
    Dewey Decimal Classification     DR AbdElwahab Library DR AbdElwahab Library 04/10/2025   258.3 و ز ا 000011444 04/10/2025 04/10/2025 Books